<?xml version="1.0" encoding="UTF-8"?>
<record
    xmlns:xsi="http://www.w3.org/2001/XMLSchema-instance"
    xsi:schemaLocation="http://www.loc.gov/MARC21/slim http://www.loc.gov/standards/marcxml/schema/MARC21slim.xsd"
    xmlns="http://www.loc.gov/MARC21/slim">

  <leader>01249nam a2200301Ia 4500</leader>
  <controlfield tag="003">OSt</controlfield>
  <controlfield tag="005">20200820125631.0</controlfield>
  <controlfield tag="008">191128s2002    ck a   gr     000 0 spa d</controlfield>
  <datafield tag="020" ind1=" " ind2=" ">
    <subfield code="a">9586835472</subfield>
  </datafield>
  <datafield tag="040" ind1=" " ind2=" ">
    <subfield code="a">Co-JMCR</subfield>
    <subfield code="c">Co-JMCR</subfield>
  </datafield>
  <datafield tag="041" ind1="0" ind2=" ">
    <subfield code="a">spa</subfield>
  </datafield>
  <datafield tag="082" ind1="0" ind2="4">
    <subfield code="a">368.4 / </subfield>
    <subfield code="b">P358p</subfield>
    <subfield code="2">23</subfield>
  </datafield>
  <datafield tag="100" ind1="1" ind2=" ">
    <subfield code="a">Pe&#xF1;alosa Quintero, Rolando Enrique, </subfield>
    <subfield code="e">autor</subfield>
    <subfield code="9">9028</subfield>
  </datafield>
  <datafield tag="245" ind1="1" ind2="0">
    <subfield code="a">Propuesta de ajuste a la pol&#xED;tica del r&#xE9;gimen subsidiado de salud en colombia /</subfield>
    <subfield code="c">Rolando Enrique Pe&#xF1;alosa Quintero, Liz Garavito Beltr&#xE1;n,  Eduardo Lara Ramos, </subfield>
  </datafield>
  <datafield tag="250" ind1=" " ind2=" ">
    <subfield code="a">Primera edici&#xF3;n</subfield>
  </datafield>
  <datafield tag="260" ind1=" " ind2=" ">
    <subfield code="a">Bogot&#xE1; : </subfield>
    <subfield code="b">Ceja, </subfield>
    <subfield code="c">2002.</subfield>
  </datafield>
  <datafield tag="300" ind1=" " ind2=" ">
    <subfield code="a">145 p&#xE1;ginas : </subfield>
    <subfield code="b">Ilustraciones en color ; </subfield>
    <subfield code="c">24 cm.</subfield>
  </datafield>
  <datafield tag="300" ind1=" " ind2=" ">
    <subfield code="b">  </subfield>
  </datafield>
  <datafield tag="300" ind1=" " ind2=" ">
    <subfield code="c"> 24 cm</subfield>
  </datafield>
  <datafield tag="504" ind1=" " ind2=" ">
    <subfield code="a">Bibliogr&#xE1;fia : p&#xE1;ginas 145 - 147.</subfield>
  </datafield>
  <datafield tag="505" ind1=" " ind2=" ">
    <subfield code="a">Marco de referencia -- Entornos en el sistema de seguridad social en Colombia -- Desarrollo de los mercados -- Condiciones de los usuarios -- Bases para una nueva pol&#xED;tica -- Metodolog&#xED;a</subfield>
  </datafield>
  <datafield tag="650" ind1="2" ind2="4">
    <subfield code="a">R&#xE9;gimen subsidiado en salud</subfield>
    <subfield code="z">Colombia</subfield>
    <subfield code="9">8915</subfield>
  </datafield>
  <datafield tag="650" ind1="2" ind2="4">
    <subfield code="a">Pol&#xED;tica m&#xE9;dica</subfield>
    <subfield code="z">Colombia</subfield>
    <subfield code="9">9029</subfield>
  </datafield>
  <datafield tag="650" ind1="2" ind2="4">
    <subfield code="a">Planificaci&#xF3;n en salud</subfield>
    <subfield code="z">Colombia</subfield>
    <subfield code="9">9030</subfield>
  </datafield>
  <datafield tag="700" ind1="1" ind2=" ">
    <subfield code="a">Liz Garavito Beltr&#xE1;n,</subfield>
    <subfield code="e">autora</subfield>
    <subfield code="9">9031</subfield>
  </datafield>
  <datafield tag="700" ind1="1" ind2=" ">
    <subfield code="a">Eduardo Lara Ramos, </subfield>
    <subfield code="e">autor</subfield>
    <subfield code="9">9032</subfield>
  </datafield>
  <datafield tag="942" ind1=" " ind2=" ">
    <subfield code="2">ddc</subfield>
    <subfield code="c">BK</subfield>
  </datafield>
  <datafield tag="999" ind1=" " ind2=" ">
    <subfield code="c">6317</subfield>
    <subfield code="d">6317</subfield>
  </datafield>
  <datafield tag="952" ind1=" " ind2=" ">
    <subfield code="0">0</subfield>
    <subfield code="1">0</subfield>
    <subfield code="2">ddc</subfield>
    <subfield code="3">Donaci&#xF3;n--01/12/2017--</subfield>
    <subfield code="4">0</subfield>
    <subfield code="7">0</subfield>
    <subfield code="a">CPL</subfield>
    <subfield code="b">CPL</subfield>
    <subfield code="c">GEN</subfield>
    <subfield code="d">2019-11-28</subfield>
    <subfield code="e">Donaci&#xF3;n</subfield>
    <subfield code="o">368.4 / P358p </subfield>
    <subfield code="p">430012413</subfield>
    <subfield code="r">2024-05-16 00:00:00</subfield>
    <subfield code="t">Ej.1</subfield>
    <subfield code="w">2019-11-28</subfield>
    <subfield code="y">BK</subfield>
  </datafield>
</record>
